000 00682nam a2200205Ii 4500
003 JO-AjNU
008 230605s9999||||xx |||||||||||||| ||und||
017 _a2006/12/2257
040 _aJO-AjNU
_bara
_erda
_cJO-AjNU
041 _aara
050 1 4 _aQA76.575.H56 2008
100 3 _aحرزالله ، نائل / م مشارك ديما الضامن,
_eauthor
_928493
245 0 0 _aالوسائط التعددة
264 3 1 _aعمان:دار وائل،2008
300 _a441ص
336 _atext
_btxt
_2rdacontent
337 _aunmediated
_bn
_2rdamedia
338 _avolume
_bnc
_2rdacarrier
650 4 _aالوسائط المتعددة (حاسبات إلكترونية)
_928494
999 _aA11058
_c14626
_d14626